000 00682nam a2200193Ia 4500
008 151119s9999||||xx |||||||||||||| ||und||
082 _a294
082 _bGKKV31073
100 _a"भिडे, बाळकृष्ण अनंत"
245 _aसार्थ श्री ज्ञानेश्वरी
260 _a--
260 _b--
260 _c0
600 _a"भिडे, बाळकृष्ण अनंत"
630 _aसार्थ श्री ज्ञानेश्वरी
700 _a"भिडे, बाळकृष्ण अनंत"
730 _aसार्थ श्री ज्ञानेश्वरी
942 _cBOOK
999 _c1083399
_d1083396